000
00201nam a22001097a 4500
100
_a
Gorky, Maxim
245
_a
Mother
250
_a
2013
260
_b
Mahaveer Pub
300
_a
391
942
_2
ddc
_c
BK
999
_c
12187
_d
12187